Statistics for Slovenia or Slovakia

Click here to take the quiz!

General Stats

  • This quiz has been taken 55 times
    (43 since last reset)
  • The average score is 10 of 11

Answer Stats

QuestionAnswer% Correct
In AsiaNone
100%
Was in CzechoslovakiaSlovakia
100%
Capital is LjubljanaSlovenia
100%
Was in YugoslaviaSlovenia
100%
Is in the European UnionBoth
97%
Biggest in areaSlovakia
97%
LandlockedSlovakia
93%
More PopulationSlovakia
93%
In Balkanic peninsulaSlovenia
93%
Bordered by RomaniaNone
77%
In Central EuropeBoth
50%

Score Distribution

Percentile by Number Answered

Percent of People with Each Score

Your Score History

You have not taken this quiz since the last reset